| 000 | 00721nam a22001577a 4500 | ||
|---|---|---|---|
| 003 | OSt | ||
| 005 | 20150918173715.0 | ||
| 008 | 150918b xxu||||| |||| 00| 0 eng d | ||
| 040 | _cRUA | ||
| 082 | _aAGR TEA 2006 BO33 Or.1 | ||
| 100 |
_9805 _aTHE,SUYCHHON |
||
| 245 | _aPotential of seedling numbers per hill on paddy rice yield ay royal university of agriculture,(សក្តានុពលនៃចំនួនសំណាកសន្ទូងក្នុងមួយគុម្ពលើទិន្នផលស្រូវវស្សានៅសាកលវិទ្យាល័យភូមិន្ធកសិកម្ម). | ||
| 260 |
_aphnom phen _bRUA _c2006 |
||
| 300 |
_aXII,44p. _bill. _c29cm. |
||
| 942 |
_2ddc _cAGR |
||
| 999 |
_c777 _d777 |
||